Hacia un tratado de libre comercio en América del Norte /
Escritos a mediados del sexenio de Carlos Salinas, en este conjunto de trabajos se estudian los retos y las oportunidades que representaba para México la firma de un tratado de libre comercio con Canadá y Estados Unidos, que entraría en vigor en 1994. En la primera parte de libro se revisan los prin...
-д хадгалсан:
| Бусад зохиолчид: | , |
|---|---|
| Формат: | Ном |
| Хэл сонгох: | испани |
| Хэвлэсэн: |
México :
Miguel Angel Porrúa,
1991, c1991
|
| Нөхцлүүд: | |
| Шошгууд: |
Шошго байхгүй, Энэхүү баримтыг шошголох эхний хүн болох!
|
MARC
| LEADER | 00000nam^a2200000^a^4500 | ||
|---|---|---|---|
| 001 | 000187874 | ||
| 005 | 20250521000000.0 | ||
| 009 | 20260310102317.612 | ||
| 020 | |a 968-842-295-9 | ||
| 037 | |a Acervo ITESO - Biblioteca | ||
| 041 | |a ESP | ||
| 082 | |a 382. 972073 |b HAC | ||
| 245 | 0 | 0 | |a Hacia un tratado de libre comercio en América del Norte / |c M. Ojeda... [et al.] ; presen. de J. Serra Puche. |
| 264 | 4 | |a México : |b Miguel Angel Porrúa, |c 1991, c1991 | |
| 300 | |a 324 p. | ||
| 336 | |a texto |b txt |2 rdacontenido | ||
| 337 | |a sin mediación |b n |2 rdamedio | ||
| 338 | |a volumen |b nc |2 rdasoporte | ||
| 520 | |a Escritos a mediados del sexenio de Carlos Salinas, en este conjunto de trabajos se estudian los retos y las oportunidades que representaba para México la firma de un tratado de libre comercio con Canadá y Estados Unidos, que entraría en vigor en 1994. En la primera parte de libro se revisan los principales cambios ocurridos en el contexto internacional en la década de 1980; a continuación, se analizan las particularidades del TLC tal como se estaba negociando en ese momento; después se abordan los trabajos de consulta que a lo largo del país se realizaron para fomentar la reflexión y la participación ciudadana sobre el tratado; por último, se describen la naturaleza y funciones del Consejo Asesor del Tratado y de la Coordinadora de Organismos Empresariales de Comercio Exterior. | ||
| 649 | |a XX | ||
| 650 | |a Apertura Comercial e Integración Económica - |z México | ||
| 650 | |a Desarrollo Económico-Social - |z México | ||
| 650 | |a Globalización | ||
| 650 | |a Tratado de Libre Comercio - |z México-EUA-Canadá | ||
| 650 | |a Tratado de Libre Comercio - |z México-EUA-Canadá | ||
| 650 | |a Tratados Comerciales Internacionales | ||
| 650 | |a Comercio Internacional | ||
| 650 | |a Política Comercial - |z México - |x Historia - |y 1988-1994 | ||
| 650 | |a Política Económica - |z México - |x Historia - |y 1988-1994 | ||
| 650 | |a Economía - |z México - |x Historia - |y 1988-1994 | ||
| 650 | |a Economía - |z México - |x Historia - |y Siglo XX | ||
| 650 | |a Economía - |z Canadá - |x Historia - |y 1984-1993 | ||
| 650 | |a Economía - |z Canadá - |x Historia - |y Siglo XX | ||
| 650 | |a Economía - |z EUA - |x Historia - |y 1989-1993 | ||
| 650 | |a Economía - |z EUA - |x Historia - |y Siglo XX | ||
| 650 | |a Economía Internacional | ||
| 650 | |a México - |x Condiciones Económicas | ||
| 650 | |a Canadá - |x Condiciones Económicas | ||
| 650 | |a EUA - |x Condiciones Económicas | ||
| 700 | |a Ojeda, Mario |e (autor) | ||
| 700 | |a Serra Puche, Jaime |e (presentación) | ||
| 910 | |a Fondo General | ||
| 920 | |a Impresos - Libros | ||
| 930 | |a Colección General | ||
| 905 | |a 101 | ||
| 901 | |a 0500129953 |b IT1 |c ACC |u 20250521 | ||
| 902 | |a https://opac.biblio.iteso.mx/vufind/Record/000187874 | ||